| 000 | 00524nam a22001697a 4500 | ||
|---|---|---|---|
| 999 |
_c8715 _d8715 |
||
| 008 | 201211b ||||| |||| 00| 0 eng d | ||
| 040 | _aBMS College of Architecture | ||
| 100 | _aPai, Krupa | ||
| 245 | _aGesto culinary and hospitality academy | ||
| 300 | _aiii,51p. | ||
| 500 | _a1BM11AT024 | ||
| 502 |
_8B,Arch _NBMS College of Architecture, Visvesvaraya Technological University (VTU) _aProject report _d2015 |
||
| 650 | _aHospital | ||
| 700 |
_aYogeshwari K _eGuide |
||
| 700 |
_aSoumya Koka _eGuide |
||
| 942 |
_2ddc _cTHE |
||